Հայ-ռուսական բառարանագրության ներդրումը հայ կուլտուրայի մեջ / (Record no. 539188)
[ view plain ]
| 000 -LEADER | |
|---|---|
| fixed length control field | 01007nam a2200217 a 4500 |
| 003 - CONTROL NUMBER IDENTIFIER | |
| control field | AM-YEHGA |
| 005 - DATE AND TIME OF LATEST TRANSACTION | |
| control field | 20260123115044.0 |
| 008 - FIXED-LENGTH DATA ELEMENTS--GENERAL INFORMATION | |
| fixed length control field | 070906|1948 ai |||gr|||| 00||0|arm|d |
| 040 ## - CATALOGING SOURCE | |
| Original cataloging agency | AM-YEHGA |
| 041 0# - LANGUAGE CODE | |
| Language code of text/sound track or separate title | arm |
| 001 - CONTROL NUMBER | |
| control field | 476351 |
| 100 1# - MAIN ENTRY--PERSONAL NAME | |
| Personal name | Գասպարյան, Գասպար Կարապետի, |
| Dates associated with a name | 1901-1981 |
| 9 (RLIN) | 3013 |
| 245 10 - TITLE STATEMENT | |
| Title | Հայ-ռուսական բառարանագրության ներդրումը հայ կուլտուրայի մեջ / |
| Statement of responsibility, etc. | Գ. Գասպարյան; ՀՍՍՌ ԳԱ, Ն.Յա. Մառի անվ. լեզվի ին-տ. |
| 260 ## - PUBLICATION, DISTRIBUTION, ETC. | |
| Place of publication, distribution, etc. | Երևան : |
| Name of publisher, distributor, etc. | ՀՍՍՌ ԳԱ հրատ., |
| Date of publication, distribution, etc. | 1948. |
| 300 ## - PHYSICAL DESCRIPTION | |
| Extent | Էջ 193-291 : |
| Other physical details | աղյս. ; |
| Dimensions | 21 սմ. |
| 500 ## - GENERAL NOTE | |
| General note | Առանձնատիպ՝ «Աշխատությունների ժողովածուի» III հատորից, 1948 թ. |
| 504 ## - BIBLIOGRAPHY, ETC. NOTE | |
| Bibliography, etc. note | Մատենագիտ. տողատ. ծանոթ |
| 650 14 - SUBJECT ADDED ENTRY--TOPICAL TERM | |
| Topical term or geographic name entry element | Բառարանագրություն |
| General subdivision | Առանձնատիպ |
| 710 2# - ADDED ENTRY--CORPORATE NAME | |
| Corporate name or jurisdiction name as entry element | Ն. Մառի անվան լեզվի ինստիտուտ ՀՍՍՌ ԳԱ |
| 942 ## - ADDED ENTRY ELEMENTS (KOHA) | |
| Source of classification or shelving scheme | Universal Decimal Classification |
| Koha item type | Գրքեր / Books |
| Withdrawn status | Lost status | Source of classification or shelving scheme | Damaged status | Not for loan | Collection | Home library | Current library | Date acquired | Total checkouts | Full call number | Barcode | Date last seen | Price effective from | Koha item type | Public note |
|---|---|---|---|---|---|---|---|---|---|---|---|---|---|---|---|
| Universal Decimal Classification | Gharibyan individual Collection | Fundamental Scientific Library | Fundamental Scientific Library | 10/11/2025 | Ղար/806 | FL0698615 | 10/11/2025 | 05/12/2025 | Գրքեր / Books | ILL Non-Circ. |
ՀՀ Գիտությունների ազգային ակադեմիայի հիմնարար գիտական գրադարան = Fundamental Scientific Library of NAS RA
All site content, except where otherwise noted, is licensed under a